000 02625cam a2200553Mc 4500
003 PE-LiUPU
005 20250731173006.0
008 981109s1999 miu b 001 0 eng d
020 _a0310220173
020 _a9780310220176
035 _a(Sirsi) i9780310220176
040 _aPE-LiUPU
_bspa
_cPE-LiUPU
_erda
049 _aPRUA
082 0 4 _a231.7652
_bT4
245 0 0 _aThree views on creation and evolution /
_cJ.P. Moreland and John Mark Reynolds, general editors.
264 1 _aGrand Rapids, Michigan :
_bZondervan Pub,
_c1999.
300 _a296 páginas ;
_c21 centímetros.
336 _atext
_2rdacontent
337 _aunmediated
_2rdamedia
338 _avolume
_2rdacarrier
490 0 _aCounterpoints
504 _aBibliografía : páginas 279-282
505 0 _aYoung earth creationism -- Progressive creationism -- The fully gifted creation.
520 _aLa "serie de contrapuntos proporciona un foro para la comparación y crítica de diferentes puntos de vista sobre cuestiones teológicas importantes. Estas animadas discusiones de autores que han acordado estar en desacuerdo, ya que defienden sus puntos de vista ampliará su comprensión, sin tener en cuenta su propia posición. Así, encontrar estos libros estimulantes de gran valor para la preparación del sermón, el estudio personal y de grupo, y mantenerse al día en cuestiones teológicas clave.
526 _aSEG42
526 _aSEG41
526 _aSEG40
526 _aSEG39
526 _aP94
526 _aP87
526 _aP86
526 _aP85
526 _aP77
526 _aP76
526 _aP35
653 0 _aCreacionismo
653 0 _aEvolución
_aAspectos religiosos
_aCristianismo
700 1 _aMoreland, James Porter,
_d1948-
700 1 _aReynolds, John Mark,
_d1963-
910 _ajck
_bbpc
_cbpc
_d20160530
942 _2ddc
_cBOOK
949 _a231.765 2 T89
_wDEWEY
_c1
_i45689
_lCCODEBUL1
_mBUL
_r0
_sY
_tBOOK
_u2015-6-24
_xTEOLOGIA
_PP35
_0COMPRA
_o.STAFF. Colección General
949 _a231.7652 T4
_wDEWEY
_c1
_i73392
_lCCODEBUL1
_mBUL
_p22.99
_r0
_sY
_tBOOK
_u2016-5-30
_xTEOLOGIA
_PP35
_0COMPRA
_o.STAFF. Colección General
994 _aC0
_bPEPRU
596 _a1
999 _a231.765 2 T89
_wDEWEY
_c22567
_i45689
_f2021-11-11
_g5
_lCCODEBUL1
_mBUL
_r0
_sY
_tBOOK
_u2015-6-24
_xTEOLOGIA
_PP35
_0COMPRA
_o.STAFF. Colección General
_d22567
999 _a231.7652 T4
_wDEWEY
_c1
_i73392
_d2022-7-4
_f2021-11-9
_g5
_lCCODEBUL1
_mBUL
_p22.99
_q1
_r0
_sY
_tBOOK
_u2016-5-30
_xTEOLOGIA
_PP35
_0COMPRA
_o.STAFF. Colección General
980 _81
_gALBERTO SANCHEZ Responsable de Automatización